000 00697nam a2200229 a 4500
001 45416
003 BD-RjUL
005 20250826151744.0
008 160726m1956 nyu |||| |||| 00| 0 eng d
035 _a(BD-RjUL)45534
040 _aBD-RjUL
_beng
_cBD-RjUL
041 _aeng
082 _223
_a330.9
_bHIS 1956
245 _aA history of economic thought :
_ba book of readings /
_cWilliam Kapp and Lore L. Kapp
260 _aNew York :
_bBarnes & Noble,
_cc1949 [printing 1956,1958]
300 _aviii, 444 p. ;
_c20 cm.
490 _aCollege outline series
650 _aEconomics
_xHistory
_9139055
700 _aKapp, William K.
_916670
700 _aKapp, Lore L.
_916671
942 _2ddc
_cBK
999 _c45416
_d45416